000 00646nam a2200181 4500
001 110248
003 ES-MaACL
005 20230906185017.0
007 t|
008 061121s1926 sp r ||||1| spa d
100 1 _aMoles, Enrique (
_d1883-1953)
_981864
245 1 3 _aLa regla de actividad de los volúmenes moleculares en los compuestos inorgánicos cristalizados /
_cpor E. Moles.
260 _aMadrid :
_b[s. n.],
_c1926.
300 _a6 h. ;
_c22 cm.
595 _aTirada aparte de: Anales de la Sociedad Española de Física y Química, t. 24, p. 199-209.
650 4 _aCompuestos inorgánicos.
_9150425
852 _aES-MaACL
_j1704-F-13
999 _c110248
_d110248